Polacy z najwyższą wartością rynkową w każdym roku - Statystyki

Ogólne statystyki
  • Ten quiz został rozwiązany 52 razy
  • Średni wynik to 19 z 22
Statystyki odpowiedzi
Rok Wartość Odpowiedź % Poprawnych
2023 40 mln € Robert Lewandowski
100%
2022 45 mln € Robert Lewandowski
100%
2021 60 mln € Robert Lewandowski
100%
2020 60 mln € Robert Lewandowski
100%
2019 70 mln € Robert Lewandowski
100%
2018 90 mln € Robert Lewandowski
100%
2017 80 mln € Robert Lewandowski
100%
2016 75 mln € Robert Lewandowski
100%
2015 70 mln € Robert Lewandowski
100%
2014 50 mln € Robert Lewandowski
100%
2013 39 mln € Robert Lewandowski
100%
2012 25 mln € Robert Lewandowski
100%
2025 28 mln € Jakub Kiwior
81%
2024 30 mln € Jakub Kiwior
81%
2011 7.5 mln € Jakub Błaszczykowski
77%
2009 9.5 mln € Artur Boruc
70%
2008 12 mln € Artur Boruc
70%
2007 10 mln € Artur Boruc
70%
2006 6 mln € Artur Boruc
70%
2004 5 mln € Jerzy Dudek
70%
2005 8.5 mln € Jacek Krzynówek
49%
2010 7.5 mln € Ireneusz Jeleń
26%
Nie znaleziono quizów pasujących do podanych kryteriów
Rozkład punktacji
Procent ludzi z każdym wynikiem
Percentyl według liczby udzielonych odpowiedzi
Twoja historia wyników
Nie rozwiązałeś tego quizu